000 01032nam a2200229Ia 4500
003 Ost
005 20260507075353.0
008 260507s9999||||xx |||||||||||||| ||und||
020 _a2104212977
040 _cfsecg
041 _aara
082 _a330
100 _aمصطفى، أحمد فريد
_eمؤلف
245 0 _aالتحليل الإقتصادي الكلي :
_bأساسيات- تطبيقات رياضية- حلول التمارين /
_c أحمد فريد مصطفى
260 _aالإسكندرية:
_bمؤسسة شباب الجامعة,
_c2008
300 _a310 صفحة؛
_bإيضاحات ؛
_c24 سم
520 _aأدوات التحليل الإقتصادي الكلي- حقائق المدخل للإقتصاد الكلي- تحديد المستوى التوازني للإقتصاد الكلي- تطبيقات رياضية تمارين وحلولها
653 _aالإقتصاد الرياضي
653 _aالإقتصاد الكلي
653 _aالتحليل الإقتصادي
942 _cكتاب
999 _c44174
_d44174